Programmable logic controllers
Wedi'i Gadw mewn:
| Prif Awdur: | |
|---|---|
| Fformat: | Llyfr |
| Iaith: | Saesneg |
| Cyhoeddwyd: |
McGraw Hill Education
2017
|
| Tagiau: |
Ychwanegu Tag
Dim Tagiau, Byddwch y cyntaf i dagio'r cofnod hwn!
|
MARC
| LEADER | 00000nam a22000007a 4500 | ||
|---|---|---|---|
| 008 | 201210b ||||| |||| 00| 0 eng d | ||
| 020 | |a ISBN: 978-0-07-337384-3 | ||
| 100 | |a PETRUZELLA, Frank D. | ||
| 245 | |a Programmable logic controllers |c Frank D. Petruzella |g . xvi; 414p; ill. | ||
| 250 | |b 5th ed | ||
| 260 | |b McGraw Hill Education |c 2017 |d BOOK |h New York |i 689819 |l TJ223 .P44 | ||
| 942 | |a ddc |c BK |e Olagoke, M A |f 10/12/2020 | ||
| 952 | |0 0 |1 0 |2 lcc |4 0 |6 TJ0223 P44 |7 0 |9 311 |a HOL |b HOL |c QZ |d 2020-12-10 |l 0 |o TJ223 .P44 |p 2020-2047 |r 2020-12-10 00:00:00 |w 2020-12-10 |y BK | ||
| 999 | |c 139 |d 139 | ||